| 000 | 00402nam a2200121Ia 4500 | ||
|---|---|---|---|
| 008 | 210423s2005 xx 000 0 und d | ||
| 082 | _a371.23SALT | ||
| 100 | _aSALKIND (Neil J). | ||
| 245 | _aJests and management for people who hate vests and meacurement. | ||
| 260 |
_aNew Delhi _bSage Publications _c2005 |
||
| 365 | _cINR | ||
| 906 | _ahate ; Jests ; management ; meacurement. ; people ; vests ; who | ||
| 999 |
_c174207 _d174207 |
||